Globalisation and Eurasia / (Record no. 39986)

MARC details
000 -LEADER
fixed length control field 00787nam a22002297a 4500
005 - DATE AND TIME OF LATEST TRANSACTION
control field 2010080703193.0
010 ## - LCCN (DPL NO)
LC control number ENG-98782
020 ## - INTERNATIONAL STANDARD BOOK NUMBER
International Standard Book Number 9788187966821
Terms of availability 880.00
035 ## - SYSTEM CONTROL NUMBER
System control number EN-82314
037 ## - SOURCE OF ACQUISITION
Source of stock number/acquisition DBAD/PUB
082 ## - DEWEY DECIMAL CLASSIFICATION NUMBER
Classification number 950
245 ## - TITLE STATEMENT
Title Globalisation and Eurasia /
Statement of responsibility, etc edinted by Ajay Patnaik [and] Tulsiram
260 ## - PUBLICATION, DISTRIBUTION, ETC. (IMPRINT)
Place of publication, distribution, etc New Delhi
Name of publisher, distributor, etc KW Publishers
Date of publication, distribution, etc 2010
270 ## - ADDRESS
Address 4676/21,first floor ,Ansari Road,Daryaganj
City New Delhi
Postal code 110002
300 ## - PHYSICAL DESCRIPTION
Extent xxvi,454p.
Dimensions 23cm (Hb)
650 ## - SUBJECT ADDED ENTRY--TOPICAL TERM
Topical term or geographic name as entry element Economic History
650 ## - SUBJECT ADDED ENTRY--TOPICAL TERM
Topical term or geographic name as entry element Globalisation-social Aspects
700 ## - ADDED ENTRY--PERSONAL NAME
Personal name Patnaik, Ajay
9 (RLIN) 8297
700 ## - ADDED ENTRY--PERSONAL NAME
Personal name Tulsiram
9 (RLIN) 8298
942 ## - ADDED ENTRY ELEMENTS (KOHA)
Source of classification or shelving scheme Dewey Decimal Classification
Item type English Books
Classification part 950
Call number suffix GLO
Holdings
Withdrawn status Lost status Not for loan Collection code Home library Current library Date acquired Source of acquisition Cost, normal purchase price Full call number Barcode Copy number Cost, replacement price Koha item type
    Not For Loan Non-fiction D.B.Act.Division D.B.Act.Division 07/08/2010 DBAD/PUB 880.00 950 GLO EN-82314 1 880.00 English Books

© Delhi Public Library
Hit Counter
free hit counter